=LDR 00000nam 2200000 4500 =001 NUTBA000000000000048 =005 20140314114308.0 =006 =007 =008 =035 ##$$a 0010-031400000000047 =090 ##$$b 2X2.41 =100 ##$$a SUNARTO ACHMAD =245 ##$$a HIMPUNAN HADITS QUDSI =260 ##$$b SETIA KAWAN =300 ##$$a 251 HLM $c 23 CM =850 ##$$a NBPNMAT